Must history repeat itself? /

Bibliographic Details
Main Author: Fisher, Antony
Format: Book
Language:English
Published: Enfield [England] : Churchill Press, 1974.
Subjects:

MARC

Tag First Indicator Second Indicator Subfields
LEADER 00000cam a2200000 4500
001 in00000721221
005 20151016060950.0
008 740529s1974 enk b 00000 eng
010 |a  74166392  
015 |a GB*** 
035 |a (OCoLC)00935052 
035 |9 ADD1321AM 
040 |a DLC  |c DLC  |d TXA  |d UtOrBLW 
049 |a TXAM  |c [1559048] 
050 0 0 |a HD82  |b .F513 1974a 
082 0 |a 338.9 
100 1 |a Fisher, Antony. 
245 1 0 |a Must history repeat itself? /  |c A study of the lessons taught by the (repeated) failure and (occasional) success of government economic policy through the ages. 
264 1 |a Enfield [England] :  |b Churchill Press,  |c 1974. 
300 |a xvii, 155 pages ;  |c 22 cm. 
336 |a text  |b txt  |2 rdacontent 
337 |a unmediated  |b n  |2 rdamedia 
338 |a volume  |b nc  |2 rdacarrier 
500 |a Revised edition (c1978) published under title: Fisher's Concise history of economic bungling. 
504 |a Includes bibliographical references. 
650 0 |a Economic policy. 
650 0 |a Industrial policy. 
650 0 |a Agriculture and state. 
999 |a MARS 
999 f f |s 0e524479-e5ce-39a6-81a5-9712f795868d  |i 06f9061e-7fbe-3b89-be58-41df0dcd382c  |t 0 
952 f f |p ric  |a Texas A&M University  |b Rellis Campus  |c Joint Library Facility  |d Remote Storage  |t 0  |e HD82 .F513 1974a  |h Library of Congress classification  |i unmediated -- volume  |m A14802640748 
998 f f |a HD82 .F513 1974a  |t 0  |l Remote Storage